載入...

Manushyanum prapanchavum (m)

書目詳細資料
主要作者: Nair, C K N
格式: Printed Book
出版: C K N Nair 1977
主題:
LEADER 00418nam a2200157 4500
082 |a 8M4 NAI.CKN-M 
100 |a Nair, C K N 
245 |a Manushyanum prapanchavum (m) 
250
260 |b C K N Nair  |c 1977 
300
490
650 |a Malayalam essays 
942 |c BK 
999 |c 223133  |d 223133 
952 |0 0  |1 0  |4 0  |6 8M4_NAI_CKNM  |7 0  |9 237266  |a SDE  |b SDE  |d 2019-12-12  |l 0  |o 8M4 NAI.CKN-M  |p SDE2419  |r 2019-12-12  |w 2019-12-12  |y BK